En Vaazhvil Thirukkural (Tamil) (Record no. 47306)

MARC details
000 -LEADER
fixed length control field 00596nam a22001577a 4500
005 - DATE AND TIME OF LATEST TRANSACTION
control field 20260219123646.0
008 - FIXED-LENGTH DATA ELEMENTS--GENERAL INFORMATION
fixed length control field 260219b |||||||| |||| 00| 0 eng d
040 ## - CATALOGING SOURCE
Transcribing agency VITAP
082 ## - DEWEY DECIMAL CLASSIFICATION NUMBER
Edition number 23
Classification number 894.811 KAL
100 ## - MAIN ENTRY--PERSONAL NAME
Personal name Kalam, A.P.J. Abdul
9 (RLIN) 17154
245 ## - TITLE STATEMENT
Title En Vaazhvil Thirukkural (Tamil)
Statement of responsibility, etc. / Dr. A.P.J. Abdul Kalam
260 ## - PUBLICATION, DISTRIBUTION, ETC.
Place of publication, distribution, etc. Chennai
Name of publisher, distributor, etc. THG Publishing Pvt Ltd
Date of publication, distribution, etc. 2016
300 ## - PHYSICAL DESCRIPTION
Extent 64p, ill.: 21cm
650 #0 - SUBJECT ADDED ENTRY--TOPICAL TERM
Topical term or geographic name entry element Thirukkural and Moral Values (Aram), Thirukkural and Governance (Porul), Thirukkural and Personal Life, Thirukkural in Education & Youth Development etc.
9 (RLIN) 17155
942 ## - ADDED ENTRY ELEMENTS (KOHA)
Source of classification or shelving scheme Dewey Decimal Classification
Koha item type Reference Book
Holdings
Withdrawn status Lost status Source of classification or shelving scheme Materials specified (bound volume or other part) Damaged status Not for loan Collection code Home library Current library Shelving location Date acquired Source of acquisition Cost, normal purchase price Inventory number Total Checkouts Full call number Barcode Date last seen Cost, replacement price Price effective from Koha item type Public note
    Dewey Decimal Classification Paper Back   Not For Loan Reference School of Business & General Section VIT-AP Reference 2026-01-12 The Hindu Group of Publications 110.00 9001173329   894.811 KAL 025515 2026-02-19 110.00 2026-01-12 Reference Book GEN

Visitor Number: